00653nam a22001577a 4500003000400000005001700004008003600021040002500057082001500082100003000097245015100127246012800278260003700406300002100443504003100464OSt20201124073024.0130909s2006 dr 001 0 spa d aDO-SdBNPbspacBNPHU axxxxbI73h1 aIsa Conde, Narcisod1942-10aHacia la verdadera democracia y el nuevo socialismo :bimperialismo actual y transición revolucionaria en nuestra américa /cNarciso Isa Conde aHacia la nueva democracia y el nuevo socialismo :bimperialismo actual y transición revolucionaria en nuestra américa / aSanto Domingo:bTropical;c2006. a128 p. ;c21 cm. aBibliografía: p. 127-128